00441nam a2200133Ia 4500008004100000100001700041245009900058245006000157260002500217260000900242300002500251650001600276650001500292170224s9999 xx 000 0 und d aSoledad Moya aPerformance-based Incentives and the Behavior of Accounting Academics: Responding to Changes  cSoledad Moya, Diego Prior & Gonzalo Rodríguez-Pérez bAccounting Education c2015 a24:3, Pages: 208-232 xAccountancy xAccounting